000
00277nam a2200121Ia 4500
008
190216s9999||||xx |||||||||||||| ||und||
100
_a
Hanson J L
245
0
_a
Text Book Of Economics
260
_b
Maedonald & Evaus
_c
1982
300
_a
571p
650
_a
Commerce
942
_c
BK
999
_c
9206
_d
9206